00878nam a2200205 a 4500001001000000003000500010005001700015008004100032010001100073011001100084040000900095100004000104245018400144260004100328500006000369502008400429650003000513650005900543856007000602000115069CHAP20220329144513.0180924s2018 mx a sm |||||||spa d a111530 a112502 cCHAP1 aLázaro Flores, Violeta Alejandra.10aEvaluación de las respuestas embriogéneticas en Cycas revoluta Thunb., a partir de cultivo de callos obtenidos in vitro /h[En línea]cpor Violeta Alejandra Lázaro Flores. aChapingo, Méx. :bEl autor,c2018. aPara ver el contenido del material haga clic en la liga aTesis (M. C. en Biotecnología Agrícola) -- UACH. Departamento de Fitotecnia14aPropagación de plantas.14aReguladores de crecimiento de las plantasxAnálisis. aFinding aiduhttp://10.13.5.2/tesis/sist115069.pdfzTeclea aquí